000 01439nam a2200349Ia 4500
001 ebr10722017
003 CaPaEBR
006 m o u
007 cr cn|||||||||
008 110330s2011 wau sb s000 0 eng d
010 _z 2011012399
020 _z9780295991276 (pbk. : acid-free paper)
020 _z0295991275 (pbk. : acid-free paper)
020 _z9780295805009
040 _aCaPaEBR
_cCaPaEBR
041 0 _aeng
_achi
050 1 4 _aPL1129.E5
_bD63 2011eb
082 0 4 _a495.1/82421
_223
245 0 0 _aDocumenting China
_h[electronic resource] :
_ba reader in seminal twentieth-century texts /
_ccompiled and introduced by Margaret Hillenbrand and Chlo Starr.
260 _aSeattle :
_bUniversity of Washington Press,
_cc2011.
300 _axi, 231 p.
504 _aIncludes bibliographical references.
533 _aElectronic reproduction.
_bPalo Alto, Calif. :
_cebrary,
_d2013.
_nAvailable via World Wide Web.
_nAccess may be limited to ebrary affiliated libraries.
546 _aText in English and Chinese.
650 0 _aChinese language
_vTextbooks for foreign speakers
_xEnglish.
650 0 _aChinese language
_vReaders.
655 7 _aElectronic books.
_2local
700 1 _aHillenbrand, Margaret,
_d1972-
700 1 _aStarr, Chlo,
_d1971-
710 2 _aebrary, Inc.
856 4 0 _uhttp://site.ebrary.com/lib/rucke/Doc?id=10722017
_zAn electronic book accessible through the World Wide Web; click to view
999 _c40296
_d40296